Eastern Utah Libraries Catalog: Duchesne, Heber, Roosevelt, & Vernal

Unclutter your life in one week / (Record no. 280973)

MARC details
000 -LEADER
fixed length control field 02806cam a2200493 a 4500
001 - CONTROL NUMBER
control field ocn310397729
003 - CONTROL NUMBER IDENTIFIER
control field OCoLC
005 - DATE AND TIME OF LATEST TRANSACTION
control field 20200320191235.0
008 - FIXED-LENGTH DATA ELEMENTS--GENERAL INFORMATION
fixed length control field 090529s2009 nyua b 000 0 eng
010 ## - LIBRARY OF CONGRESS CONTROL NUMBER
LC control number 2009021841
020 ## - INTERNATIONAL STANDARD BOOK NUMBER
International Standard Book Number 9781439150467
020 ## - INTERNATIONAL STANDARD BOOK NUMBER
International Standard Book Number 143915046X
020 ## - INTERNATIONAL STANDARD BOOK NUMBER
International Standard Book Number 9781439154205 (ebk.)
020 ## - INTERNATIONAL STANDARD BOOK NUMBER
International Standard Book Number 1439154201 (ebk.)
020 ## - INTERNATIONAL STANDARD BOOK NUMBER
Terms of availability 35.00
029 1# - (OCLC)
OCLC library identifier NZ1
System control number 13126933
029 1# - (OCLC)
OCLC library identifier AU@
System control number 000044263065
035 ## - SYSTEM CONTROL NUMBER
System control number (OCoLC)310397729
040 ## - CATALOGING SOURCE
Original cataloging agency DLC
Language of cataloging eng
Transcribing agency DLC
Modifying agency UPZ
-- QQ3
-- BDX
-- WACOL
049 ## - LOCAL HOLDINGS (OCLC)
Holding library WACL
050 00 - LIBRARY OF CONGRESS CALL NUMBER
Classification number TX309
Item number .D75 2009
082 00 - DEWEY DECIMAL CLASSIFICATION NUMBER
Classification number 648/.8
Edition number 22
092 ## - LOCALLY ASSIGNED DEWEY CALL NUMBER (OCLC)
Classification number NF
Item number 648 Dol
100 1# - MAIN ENTRY--PERSONAL NAME
Personal name Doland, Erin Rooney.
9 (RLIN) 5880281
245 10 - TITLE STATEMENT
Title Unclutter your life in one week /
Statement of responsibility, etc Erin Rooney Doland.
250 ## - EDITION STATEMENT
Edition statement 1st Simon Spotlight Entertainment hardcover ed.
260 ## - PUBLICATION, DISTRIBUTION, ETC. (IMPRINT)
Place of publication, distribution, etc New York :
Name of publisher, distributor, etc Simon Spotlight Entertainment,
Date of publication, distribution, etc 2009.
300 ## - PHYSICAL DESCRIPTION
Extent xvi, 237 p. :
Other physical details ill. ;
Dimensions 24 cm.
504 ## - BIBLIOGRAPHY, ETC. NOTE
Bibliography, etc Includes bibliographical references (p. [229]-230).
520 ## - SUMMARY, ETC.
Summary, etc From an organizational expert and the creator of Unclutterer.com comes a fun, accessible, and practical guide for getting and staying organized in all aspects of life, including tips on creating a flawless filing system, simple wardrobe solutions, eliminating meal-time stress and more.
505 0# - FORMATTED CONTENTS NOTE
Formatted contents note Foundations -- Monday morning : your wardrobe -- Monday at work : your office -- Monday evening : your reception stations -- Tuesday morning : your bathroom -- Tuesday at work : fixing your files -- Tuesday evening : household chores aren't just for children -- Fall cleaning guide -- Wednesday morning : your bedroom and commute -- Wednesday at work : communication processes -- Wednesday evening : your kitchen and dining room -- Thursday morning : your living spaces -- Thursday at work : working while at work -- Thursday evening : your home office -- Spring cleaning guide -- Friday morning : scheduling strategies -- Friday at work : routien is not a four-letter word -- Friday evening : living with clutterers -- The weekend -- Celebrating and maintaining your success.
521 ## - TARGET AUDIENCE NOTE
Target audience note NonFiction
Source , gift
650 #0 - SUBJECT ADDED ENTRY--TOPICAL TERM
Topical term or geographic name as entry element Storage in the home.
9 (RLIN) 5880282
650 #0 - SUBJECT ADDED ENTRY--TOPICAL TERM
Topical term or geographic name as entry element Orderliness.
9 (RLIN) 88894
650 #0 - SUBJECT ADDED ENTRY--TOPICAL TERM
Topical term or geographic name as entry element House cleaning.
9 (RLIN) 5880283
856 42 - ELECTRONIC LOCATION AND ACCESS
Materials specified Contributor biographical information
Uniform Resource Identifier <a href="http://catdir.loc.gov/catdir/enhancements/fy0912/2009021841-b.html">http://catdir.loc.gov/catdir/enhancements/fy0912/2009021841-b.html</a>
856 42 - ELECTRONIC LOCATION AND ACCESS
Materials specified Publisher description
Uniform Resource Identifier <a href="http://catdir.loc.gov/catdir/enhancements/fy0916/2009021841-d.html">http://catdir.loc.gov/catdir/enhancements/fy0916/2009021841-d.html</a>
856 41 - ELECTRONIC LOCATION AND ACCESS
Materials specified Sample text
Uniform Resource Identifier <a href="http://catdir.loc.gov/catdir/enhancements/fy1001/2009021841-s.html">http://catdir.loc.gov/catdir/enhancements/fy1001/2009021841-s.html</a>
938 ## -
-- Brodart
-- BROD
-- 09899812
-- $22.00
942 ## - ADDED ENTRY ELEMENTS (KOHA)
Koha item type BOOK
948 ## - LOCAL PROCESSING INFORMATION (OCLC); SERIES PART DESIGNATOR (RLIN)
Series part designator, SPT (RLIN) 06/12/2013
z (OCLC) Sirsi
994 ## -
-- 02
-- WACOL
996 ## -
-- 98046
-- 34301001265364
-- NF
-- bk
-- wcl
-- i
-- 13
-- 35.00
-- gift
-- 648 Dol
-- 06/13/2013
-- 05/22/2019
-- 04/22/2019
Holdings
Withdrawn status Lost status Source of classification or shelving scheme Damaged status Not for loan Collection code Home library Current library Shelving location Date acquired Source of acquisition Cost, normal purchase price Total Checkouts Total Renewals Full call number Barcode Date last seen Date checked out Cost, replacement price Price effective from Koha item type
    Dewey Decimal Classification     General NonFiction Wasatch County Library Wasatch County Library Second Floor 06/13/2013 Donation 35.00 16 2 648 Dol 34301001265364 07/21/2025 06/30/2025 35.00 03/20/2020 BOOK
This project was made possible through a grant from the Institute of Museum and Library Service administered by the Utah State Library Division.

Wasatch County Library

  • 465 East 1200 South, Heber City, Utah 84032
  • Phone 435-654-1511 | Fax 435-654-6456

Hours

  • Monday - Friday 9:30 AM - 8:00 PM
  • Saturday 9:30 AM - 1:30 PM
  • Closed Sundays and Holidays